[Event "GER-ch U14"]
[Site "Willingen"]
[Date "2023.05.31"]
[Round "6"]
[White "Jahnz, Laurin"]
[Black "Blodig, Vincent"]
[Result "1/2-1/2"]
[WhiteElo "1896"]
[BlackElo "1580"]
[PlyCount "115"]
[EventDate "2023.05.27"]
[EventType "swiss"]
[EventRounds "9"]
[EventCountry "GER"]
[SourceTitle "CBM 214 Extra"]
[Source "ChessBase"]
[SourceDate "2023.07.31"]
[SourceVersion "1"]
[SourceVersionDate "2023.07.31"]
[SourceQuality "1"]

1. Nf3 d5 2. g3 Nd7 3. Bg2 e5 4. d3 Ngf6 5. 0-0 Bd6 6. Re1 0-0 7. e4 c6 8. Nbd2 Qb6 9. h3 Re8 10. c3 a5 11. a4 Nc5 12. Qc2 dxe4 13. Nxe4 Nfxe4 14. dxe4 Be6 15. Be3 Qb3 16. Qxb3 Bxb3 17. Bxc5 Bxc5 18. Nd2 Be6 19. Bf1 Red8 20. Nc4 f6 21. Rad1 b6 22. Kg2 Kf8 23. Kf3 Ke7 24. Kg2 g6 25. Rxd8 Kxd8 26. Rd1+ Kc7 27. Be2 h5 28. h4 b5 29. axb5 cxb5 30. Na3 Bxa3 31. bxa3 Bd7 32. Kf3 Rb8 33. Ke3 Kc6 34. Rb1 Kc5 35. Rb2 Be6 36. Rd2 Bc4 37. Bd1 Be6 38. Be2 Rc8 39. Rb2 Bc4 40. Bd1 Rd8 41. Rd2 Rxd2 42. Kxd2 a4 43. Bc2 Bf1 44. Ke1 Kc4 45. Kxf1 Kxc3 46. Bb1 Kb3 47. Bd3 b4 48. axb4 Kxb4 49. Bb1 Kb3 50. Ke2 a3 51. Kd2 Kb2 52. Ba2 Kxa2 53. Kc2 f5 54. f3 Ka1 55. Kc1 Ka2 56. Kc2 Ka1 57. Kc1 Ka2 58. Kc2 1/2-1/2

[Event "GER-ch U14"]
[Site "Willingen"]
[Date "2023.05.29"]
[Round "3"]
[White "Lu, Yunong Elias"]
[Black "Jahnz, Laurin"]
[Result "1/2-1/2"]
[WhiteElo "1823"]
[BlackElo "1896"]
[PlyCount "84"]
[EventDate "2023.05.27"]
[EventType "swiss"]
[EventRounds "9"]
[EventCountry "GER"]
[SourceTitle "CBM 214 Extra"]
[Source "ChessBase"]
[SourceDate "2023.07.31"]
[SourceVersion "1"]
[SourceVersionDate "2023.07.31"]
[SourceQuality "1"]

1. e4 c6 2. Nc3 d5 3. Nf3 Bg4 4. h3 Bxf3 5. Qxf3 e6 6. g3 Nd7 7. d4 Qb6 8. Qd3 dxe4 9. Nxe4 Ngf6 10. Nxf6+ Nxf6 11. Bg2 Rd8 12. c3 Be7 13. 0-0 0-0 14. Qc2 a5 15. Bg5 h6 16. Bxf6 Bxf6 17. Rfe1 Rd7 18. Rad1 Rfd8 19. Kh2 a4 20. Re2 a3 21. b3 e5 22. Rde1 e4 23. Bxe4 Re7 24. Bh7+ Kf8 25. Rxe7 Bxe7 26. Bd3 Re8 27. Bc4 g6 28. Qe4 Qc7 29. Re3 Kg7 30. d5 b5 31. Bf1 cxd5 32. Qxd5 Rd8 33. Qe4 Bf6 34. Rd3 Rxd3 35. Qxd3 Qxc3 36. Qxc3 Bxc3 37. Bxb5 Kf6 38. f4 Ke7 39. Kg2 Kd6 40. Kf3 f6 41. Ke4 Be1 42. g4 g5 1/2-1/2

[Event "Berlin Werner Ott op"]
[Site "Berlin"]
[Date "2022.07.17"]
[Round "9"]
[White "Jahnz, Laurin"]
[Black "Nguyen, Phuc Nhat"]
[Result "0-1"]
[WhiteElo "1649"]
[BlackElo "1874"]
[PlyCount "34"]
[EventDate "2022.07.09"]
[EventType "swiss"]
[EventRounds "9"]
[EventCountry "GER"]
[SourceTitle "CBM 209 Extra"]
[Source "ChessBase"]
[SourceDate "2022.09.30"]
[SourceVersion "1"]
[SourceVersionDate "2022.09.30"]
[SourceQuality "1"]

1. e4 e5 2. Nf3 Nf6 3. Nxe5 Nc6 4. Nxc6 dxc6 5. d3 Bc5 6. Be2 h5 7. h3 Qd4 8. Rf1 Nxe4 9. c3 Qe5 10. d4 Qh2 11. Bf3 Bf5 12. dxc5 0-0 13. Be3 Rfe8 14. Qe2 Nxc5 15. g3 Nd3+ 16. Qxd3 Bxd3 17. Rh1 Rxe3+ 0-1

[Event "Berlin Werner Ott op"]
[Site "Berlin"]
[Date "2022.07.16"]
[Round "8"]
[White "Gebigke, Martin"]
[Black "Jahnz, Laurin"]
[Result "0-1"]
[WhiteElo "2085"]
[BlackElo "1649"]
[PlyCount "138"]
[EventDate "2022.07.09"]
[EventType "swiss"]
[EventRounds "9"]
[EventCountry "GER"]
[SourceTitle "CBM 209 Extra"]
[Source "ChessBase"]
[SourceDate "2022.09.30"]
[SourceVersion "1"]
[SourceVersionDate "2022.09.30"]
[SourceQuality "1"]

1. d4 Nf6 2. c4 c5 3. d5 b5 4. cxb5 a6 5. bxa6 g6 6. Nc3 Bg7 7. e4 0-0 8. Nf3 Qa5 9. a7 Nxe4 10. axb8Q Rxb8 11. Qc2 Nxc3 12. Bd2 Qa4 13. b3 Qe4+ 14. Qxe4 Nxe4 15. Rc1 Ra8 16. Rc2 Bb7 17. Bc4 Nd6 18. 0-0 Nxc4 19. bxc4 Ra4 20. Bg5 f6 21. Bc1 Rfa8 22. a3 Ba6 23. Nd2 Rb8 24. Re1 Kf7 25. g3 f5 26. Kg2 Bh6 27. Nf3 Bxc1 28. Ne5+ Ke8 29. Rcxc1 Rxa3 30. Ra1 Rxa1 31. Rxa1 Rb6 32. Ra4 d6 33. Nd3 g5 34. h4 h6 35. f4 g4 36. h5 Bb7 37. Kf2 Ra6 38. Nb2 Kf7 39. Ke3 e6 40. dxe6+ Kxe6 41. Kd3 Rxa4 42. Nxa4 Bc6 43. Nc3 Be8 44. Nd5 Bxh5 45. Ne3 Bf7 46. Kc3 Kf6 47. Kd3 Kg6 48. Kc3 Be6 49. Kb3 h5 50. Ng2 d5 51. Nh4+ Kf6 52. cxd5 Bxd5+ 53. Ka4 Bc6+ 54. Kb3 Bb5 55. Kc3 Bf1 56. Kd2 c4 57. Kc3 Ke6 58. Kd4 Bd3 59. Ng6 Kd6 60. Nh4 Kc6 61. Ng2 Kb5 62. Kc3 Kc5 63. Ne3 Be4 64. Nxc4 h4 65. gxh4 g3 66. Ne3 g2 67. Nxg2 Bxg2 68. h5 Bd5 69. h6 Bg8 0-1

[Event "Berlin Werner Ott op"]
[Site "Berlin"]
[Date "2022.07.15"]
[Round "7"]
[White "Jahnz, Laurin"]
[Black "Steiger, Michael"]
[Result "1/2-1/2"]
[WhiteElo "1649"]
[BlackElo "1973"]
[PlyCount "32"]
[EventDate "2022.07.09"]
[EventType "swiss"]
[EventRounds "9"]
[EventCountry "GER"]
[SourceTitle "CBM 209 Extra"]
[Source "ChessBase"]
[SourceDate "2022.09.30"]
[SourceVersion "1"]
[SourceVersionDate "2022.09.30"]
[SourceQuality "1"]

1. e4 c5 2. Nf3 e6 3. d4 cxd4 4. Nxd4 a6 5. c4 Qc7 6. Nc3 Nf6 7. Be2 Bb4 8. Qd3 Be7 9. 0-0 d6 10. Be3 Nbd7 11. f4 b6 12. a3 Bb7 13. b4 Rc8 14. Rac1 0-0 15. h3 Rfe8 16. Rf3 Qb8 1/2-1/2

[Event "Berlin Werner Ott op"]
[Site "Berlin"]
[Date "2022.07.12"]
[Round "4"]
[White "Jahnz, Laurin"]
[Black "Bartelt, Max Peter"]
[Result "0-1"]
[WhiteElo "1649"]
[BlackElo "1915"]
[PlyCount "66"]
[EventDate "2022.07.09"]
[EventType "swiss"]
[EventRounds "9"]
[EventCountry "GER"]
[SourceTitle "CBM 209 Extra"]
[Source "ChessBase"]
[SourceDate "2022.09.30"]
[SourceVersion "1"]
[SourceVersionDate "2022.09.30"]
[SourceQuality "1"]

1. e4 e6 2. d4 d5 3. Nd2 Nf6 4. e5 Nfd7 5. f4 c5 6. c3 Nc6 7. Ndf3 Qb6 8. a3 cxd4 9. cxd4 Be7 10. Ne2 f6 11. h4 0-0 12. h5 Rf7 13. Qd3 Nf8 14. g4 Bd7 15. Rb1 Na5 16. b3 Rc8 17. Kf2 Bb5 18. Qe3 Rc2 19. Kg3 Ba6 20. Nc3 Qc6 21. Bd2 Bxa3 22. Nd1 Bxf1 23. Rxf1 Qa6 24. Qe1 Nc6 25. Ra1 Qd3 26. Rxa3 Nxd4 27. Be3 Ne2+ 28. Kh4 d4 29. Bd2 g5+ 30. Kh3 Rxd2 31. Qxd2 Nxf4+ 32. Kg3 Qxf1 33. Ra2 Qh3+ 0-1

[Event "Berlin Werner Ott op"]
[Site "Berlin"]
[Date "2022.07.09"]
[Round "1"]
[White "Jahnz, Laurin"]
[Black "Kracht, Raphael"]
[Result "0-1"]
[WhiteElo "1649"]
[BlackElo "2045"]
[PlyCount "84"]
[EventDate "2022.07.09"]
[EventType "swiss"]
[EventRounds "9"]
[EventCountry "GER"]
[SourceTitle "CBM 209 Extra"]
[Source "ChessBase"]
[SourceDate "2022.09.30"]
[SourceVersion "1"]
[SourceVersionDate "2022.09.30"]
[SourceQuality "1"]

1. e4 e5 2. Nf3 Nc6 3. Bc4 Bc5 4. c3 Nf6 5. d3 0-0 6. 0-0 d5 7. exd5 Nxd5 8. b4 Be7 9. Qb3 Nb6 10. Re1 Bf6 11. Nbd2 Nxc4 12. Qxc4 Be6 13. Qe4 Bd5 14. Qe2 Bxf3 15. Qxf3 Nxb4 16. cxb4 e4 17. dxe4 Bxa1 18. Nb3 Be5 19. Qe3 Re8 20. f4 Bd6 21. Qc3 Bf8 22. Bb2 Qh4 23. g3 Qh3 24. Nd4 c5 25. bxc5 Rac8 26. c6 bxc6 27. Nf5 f6 28. Qc4+ Kh8 29. Bc3 Qg4 30. Kg2 Red8 31. h3 Qg6 32. a4 Rd7 33. Qa6 Rcd8 34. Qxc6 Qf7 35. Qb5 Rd3 36. Qb2 Qc4 37. Re3 Rxe3 38. Nxe3 Qxe4+ 39. Kf2 Bc5 40. Bd2 Qd3 41. Bc1 Re8 42. Qd2 Rxe3 0-1

[Event "GER-ch U14"]
[Site "Willingen"]
[Date "2022.06.11"]
[Round "9"]
[White "Winkler, Yonathan"]
[Black "Jahnz, Laurin"]
[Result "1/2-1/2"]
[WhiteElo "1699"]
[BlackElo "1681"]
[PlyCount "44"]
[EventDate "2022.06.04"]
[EventType "swiss"]
[EventRounds "9"]
[EventCountry "GER"]
[SourceTitle "CBM 208 Extra"]
[Source "ChessBase"]
[SourceDate "2022.07.31"]
[SourceVersion "1"]
[SourceVersionDate "2022.07.31"]
[SourceQuality "1"]

1. e4 c6 2. Nf3 d5 3. Nc3 dxe4 4. Nxe4 Nf6 5. Qe2 Nxe4 6. Qxe4 Qd5 7. Qxd5 cxd5 8. d4 Nc6 9. c3 g6 10. Bd3 Bg7 11. 0-0 0-0 12. h3 f6 13. Bc2 Be6 14. Re1 Bf7 15. Bb3 b5 16. Bf4 Rfe8 17. Bg3 a5 18. a3 a4 19. Ba2 Na5 20. Re2 Nc4 21. Rae1 Bf8 22. Nh2 Kg7 1/2-1/2

[Event "GER-ch U14"]
[Site "Willingen"]
[Date "2022.06.08"]
[Round "5"]
[White "Weyerer, Noah"]
[Black "Jahnz, Laurin"]
[Result "1-0"]
[WhiteElo "1555"]
[BlackElo "1681"]
[PlyCount "119"]
[EventDate "2022.06.04"]
[EventType "swiss"]
[EventRounds "9"]
[EventCountry "GER"]
[SourceTitle "CBM 208 Extra"]
[Source "ChessBase"]
[SourceDate "2022.07.31"]
[SourceVersion "1"]
[SourceVersionDate "2022.07.31"]
[SourceQuality "1"]

1. c4 c6 2. d4 d5 3. cxd5 cxd5 4. Nc3 Nf6 5. Bf4 a6 6. e3 Bf5 7. Nf3 Qb6 8. Qc1 Nc6 9. Nh4 Bg6 10. Nxg6 hxg6 11. Bd3 e6 12. h3 Be7 13. Qd2 Rc8 14. Rc1 0-0 15. 0-0 Qa5 16. a3 Na7 17. Ra1 b5 18. b4 Qb6 19. Ne2 Nd7 20. Nc1 g5 21. Bg3 g6 22. Nb3 Kg7 23. Nc5 Nxc5 24. bxc5 Qc6 25. a4 Rh8 26. axb5 Nxb5 27. Bxb5 axb5 28. Ra7 Bf6 29. f4 gxf4 30. Rxf4 Rc7 31. Ra1 Bd8 32. Rf3 Rb7 33. Raf1 f5 34. Ra1 Bf6 35. Rff1 Rc8 36. Qb4 Bg5 37. Be5+ Bf6 38. Bf4 g5 39. Bd6 Kg6 40. Ra5 Bd8 41. Ra2 Bc7 42. Bxc7 Qxc7 43. Ra6 Kf7 44. Rfa1 Rh8 45. Rd6 g4 46. c6 Qe7 47. cxb7 Qg5 48. Rd7+ Kg6 49. b8Q Qxe3+ 50. Kh1 Rxh3+ 51. gxh3 Qf3+ 52. Kg1 Qe3+ 53. Kf1 Qxh3+ 54. Ke2 Qf3+ 55. Kd2 Qf2+ 56. Kc3 Qe3+ 57. Kb2 Qe2+ 58. Ka3 Qd3+ 59. Qb3 b4+ 60. Q8xb4 1-0

[Event "GER-ch U12"]
[Site "Willingen"]
[Date "2021.08.24"]
[Round "3"]
[White "Sommer, Justus"]
[Black "Jahnz, Laurin"]
[Result "0-1"]
[WhiteElo "1790"]
[BlackElo "1546"]
[PlyCount "90"]
[EventDate "2021.08.22"]
[EventType "swiss"]
[EventRounds "9"]
[EventCountry "GER"]
[SourceTitle "EXT 2022"]
[Source "ChessBase"]
[SourceDate "2021.10.06"]
[SourceVersion "1"]
[SourceVersionDate "2021.10.06"]
[SourceQuality "1"]

1. e4 c6 2. d4 d5 3. exd5 cxd5 4. Bd3 Nf6 5. Bf4 Bg4 6. f3 Bh5 7. c3 e6 8. Ne2 Nc6 9. Qb3 Qd7 10. Bg3 Bg6 11. Nf4 Nh5 12. Nxg6 hxg6 13. Bf2 Nf4 14. Bf1 Bd6 15. g3 Nh5 16. Bg2 g5 17. Nd2 Rc8 18. Be3 f6 19. Qb5 a6 20. Qd3 Kf7 21. Bf2 f5 22. 0-0 Rh6 23. c4 Nf6 24. cxd5 exd5 25. Rae1 Rch8 26. h3 Nh5 27. f4 gxf4 28. Bxd5+ Kf8 29. Be6 Rxe6 30. Qxf5+ Ke7 31. Qg5+ Kf7 32. Rxe6 Qxe6 33. d5 Qe5 34. Nf3 Qxg5 35. Nxg5+ Kg6 36. dxc6 Kxg5 37. cxb7 Rb8 38. Rd1 fxg3 39. Be3+ Bf4 40. Rd5+ Kg6 41. Bxf4 Nxf4 42. Rd6+ Kh7 43. Kf1 Rxb7 44. Rxa6 Rxb2 45. Ra4 Rb1# 0-1

[Event "GER-ch U18 sf Berlin Online"]
[Site "Playchess.com INT"]
[Date "2020.05.01"]
[Round "8"]
[White "Jahnz, Laurin"]
[Black "Costa, Leonardo"]
[Result "0-1"]
[WhiteElo "1702"]
[BlackElo "1928"]
[PlyCount "66"]
[EventDate "2020.05.01"]
[EventType "swiss (blitz)"]
[EventRounds "13"]
[EventCountry "GER"]
[SourceTitle "CBM 195 Extra"]
[Source "ChessBase"]
[SourceDate "2020.05.31"]
[SourceVersion "1"]
[SourceVersionDate "2020.05.31"]
[SourceQuality "1"]

1. e4 e5 2. Nf3 Nc6 3. Bc4 Bc5 4. c3 Nf6 5. d3 d6 6. 0-0 a6 7. Bb3 0-0 8. Nbd2 Be6 9. Bxe6 fxe6 10. Qb3 Qd7 11. Qxb7 Rfb8 12. Qxb8+ Rxb8 13. Nb3 Bb6 14. Bg5 Qf7 15. Bxf6 Qxf6 16. Rad1 Na5 17. Nbd2 Nc6 18. Nb3 a5 19. a4 Ne7 20. Nbd2 Ng6 21. Nc4 Nf4 22. g3 Nh3+ 23. Kg2 g5 24. Nfxe5 dxe5 25. Kxh3 Bc5 26. Rd2 Rf8 27. Nxa5 Qf3 28. Nc6 g4+ 29. Kh4 Rf6 30. b4 Rh6+ 31. Kg5 Rg6+ 32. Kh4 Qf6+ 33. Kh5 Qg5# 0-1

[Event "GER-ch U18 sf Berlin Online"]
[Site "Playchess.com INT"]
[Date "2020.05.01"]
[Round "11"]
[White "Jahnz, Laurin"]
[Black "Kempe, Caius Emilian"]
[Result "0-1"]
[WhiteElo "1702"]
[BlackElo "1484"]
[PlyCount "156"]
[EventDate "2020.05.01"]
[EventType "swiss (blitz)"]
[EventRounds "13"]
[EventCountry "GER"]
[SourceTitle "CBM 195 Extra"]
[Source "ChessBase"]
[SourceDate "2020.05.31"]
[SourceVersion "1"]
[SourceVersionDate "2020.05.31"]
[SourceQuality "1"]

1. Nf3 d5 2. g3 c5 3. Bg2 Nc6 4. 0-0 Nf6 5. d3 e5 6. Nbd2 Be7 7. e4 d4 8. Nc4 Qc7 9. a4 b6 10. Bd2 0-0 11. Nh4 Be6 12. b3 Qd7 13. f4 exf4 14. Bxf4 Bh3 15. e5 Bxg2 16. Nxg2 Nd5 17. Re1 Rae8 18. Qf3 Bd8 19. Bd2 Bc7 20. Qh5 Qc8 21. Nd6 Bxd6 22. exd6 Nf6 23. Qf3 Qd7 24. Bf4 Nb4 25. Rac1 Nfd5 26. Re2 Nxf4 27. gxf4 Rxe2 28. Qxe2 Qxd6 29. Qf3 Nd5 30. Qe4 Nc3 31. Qf3 Re8 32. Kf1 f6 33. Re1 Qd7 34. Rxe8+ Qxe8 35. Ne1 Kf7 36. f5 Qe7 37. Qh5+ Kg8 38. Qf3 Kf7 39. h4 h6 40. h5 Qd7 41. Qf4 Nd5 42. Qf3 Nb4 43. Qe4 Qe7 44. Qxe7+ Kxe7 45. Kf2 Kd6 46. Kf3 Ke5 47. Kg4 Nd5 48. Nf3+ Kd6 49. Ne1 Ne3+ 50. Kf4 Kd5 51. c3 Nd1 52. c4+ Kd6 53. Ke4 Nc3+ 54. Kf4 Nd1 55. Nc2 Nf2 56. Ne1 Nh3+ 57. Kg3 Ng5 58. Kg4 Nf7 59. Nf3 Ne5+ 60. Nxe5 Kxe5 61. Kf3 Kxf5 62. Kg3 Ke5 63. Kg4 f5+ 64. Kf3 f4 65. Kg4 a6 66. Kf3 Kf5 67. Kf2 Kg4 68. Kg2 Kxh5 69. Kf3 g5 70. Ke4 Kg6 71. Kd5 f3 72. Kc6 f2 73. Kxb6 f1Q 74. a5 Qxd3 75. Kxa6 Qxb3 76. Ka7 Qxc4 77. a6 Qxa6+ 78. Kxa6 d3 0-1

[Event "GER-ch U18 sf Berlin Online"]
[Site "Playchess.com INT"]
[Date "2020.05.01"]
[Round "13"]
[White "Karle, Sam"]
[Black "Jahnz, Laurin"]
[Result "0-1"]
[WhiteElo "1620"]
[BlackElo "1702"]
[PlyCount "120"]
[EventDate "2020.05.01"]
[EventType "swiss (blitz)"]
[EventRounds "13"]
[EventCountry "GER"]
[SourceTitle "CBM 195 Extra"]
[Source "ChessBase"]
[SourceDate "2020.05.31"]
[SourceVersion "1"]
[SourceVersionDate "2020.05.31"]
[SourceQuality "1"]

1. e4 e5 2. Nc3 Nf6 3. Bc4 Bc5 4. d3 d6 5. Bg5 h6 6. Bh4 Be6 7. Bxe6 fxe6 8. Nf3 0-0 9. 0-0 Nc6 10. Ne2 d5 11. exd5 exd5 12. d4 exd4 13. Nexd4 Nxd4 14. Nxd4 c6 15. Ne6 Qe7 16. Nxf8 Rxf8 17. Qe1 Qf7 18. Qe2 Ne4 19. Bg3 Re8 20. Qd3 Rf8 21. Qe2 Re8 22. Qf3 Qxf3 23. gxf3 Nd2 24. Rfd1 Nxf3+ 25. Kg2 Ng5 26. Re1 Rf8 27. Re2 Ne4 28. Rf1 Bb6 29. f3 Ng5 30. h4 Nf7 31. Re7 Nd8 32. Be5 Rf7 33. Rxf7 Kxf7 34. Kh3 Ne6 35. c3 g5 36. hxg5 Nxg5+ 37. Kg4 Kg6 38. Rh1 Be3 39. Bf4 Bxf4 40. Kxf4 Nf7 41. Ke3 Kf5 42. Rh5+ Kg6 43. Rh4 Kf5 44. Ra4 a6 45. Rb4 Nd6 46. Rf4+ Ke5 47. Rb4 Nc4+ 48. Ke2 b5 49. b3 a5 50. bxc4 axb4 51. cxb5 cxb5 52. cxb4 h5 53. a4 bxa4 54. b5 Kd6 55. f4 h4 56. f5 h3 57. b6 h2 58. b7 Kc7 59. f6 h1Q 60. f7 Qh8 0-1

[Event "GER-ch U18 sf Berlin Online"]
[Site "Playchess.com INT"]
[Date "2020.05.01"]
[Round "1"]
[White "Kern, Jennifer"]
[Black "Jahnz, Laurin"]
[Result "0-1"]
[WhiteElo "1620"]
[BlackElo "1702"]
[PlyCount "112"]
[EventDate "2020.05.01"]
[EventType "swiss (blitz)"]
[EventRounds "13"]
[EventCountry "GER"]
[SourceTitle "CBM 195 Extra"]
[Source "ChessBase"]
[SourceDate "2020.05.31"]
[SourceVersion "1"]
[SourceVersionDate "2020.05.31"]
[SourceQuality "1"]

1. e4 e5 2. Nf3 Nc6 3. Nc3 Nf6 4. Be2 Be7 5. d3 d6 6. 0-0 0-0 7. Be3 Be6 8. Qd2 Re8 9. Rfe1 a6 10. a3 Ng4 11. Bg5 Bxg5 12. Nxg5 Nf6 13. Nf3 h6 14. h3 d5 15. Rad1 d4 16. Na4 b5 17. Nc5 Qe7 18. Nxe6 Qxe6 19. c3 Rad8 20. Qc2 Rd7 21. Rd2 Red8 22. Red1 a5 23. cxd4 Nxd4 24. Nxd4 exd4 25. b4 axb4 26. axb4 Qd6 27. Bf3 Qxb4 28. Rb1 Qa5 29. Qc5 Qxd2 30. Qxb5 Qc2 31. e5 Nd5 32. Bxd5 Rxd5 33. Qb2 Qxb2 34. Rxb2 Rxe5 35. Kh2 Rde8 36. f4 Re2 37. Rb7 Rd2 38. Rxc7 Rxd3 39. Rd7 Re4 40. Rd8+ Kh7 41. Rd7 Rde3 42. Rxf7 d3 43. f5 d2 44. Rd7 Re2 45. f6 Rf4 46. Rxg7+ Kh8 47. Rg6 d1Q 48. Rxh6+ Kg8 49. Rg6+ Kf7 50. Rg7+ Kxf6 51. Rg8 Kf7 52. Rb8 Qd2 53. Rb7+ Ke6 54. Rb6+ Kd7 55. Rb7+ Kc6 56. Rb8 Rxg2+ 0-1

[Event "GER-ch U18 sf Berlin Online"]
[Site "Playchess.com INT"]
[Date "2020.05.01"]
[Round "4"]
[White "Kullmann, Theo"]
[Black "Jahnz, Laurin"]
[Result "0-1"]
[WhiteElo "1564"]
[BlackElo "1702"]
[PlyCount "89"]
[EventDate "2020.05.01"]
[EventType "swiss (blitz)"]
[EventRounds "13"]
[EventCountry "GER"]
[SourceTitle "CBM 195 Extra"]
[Source "ChessBase"]
[SourceDate "2020.05.31"]
[SourceVersion "1"]
[SourceVersionDate "2020.05.31"]
[SourceQuality "1"]

1. e4 e5 2. Nf3 Nc6 3. Bc4 Bc5 4. b4 Bb6 5. c3 Nf6 6. Qb3 0-0 7. d3 d6 8. Ng5 Qe7 9. 0-0 h6 10. Nf3 Bg4 11. Nh4 Nxe4 12. dxe4 Qxh4 13. h3 Bh5 14. Bd5 Bg6 15. Bxc6 bxc6 16. Qc4 Qxe4 17. Nd2 Qxc4 18. Nxc4 Bd3 19. Nxb6 cxb6 20. Rd1 e4 21. f3 d5 22. Bf4 Rfe8 23. a4 Bc4 24. a5 exf3 25. gxf3 Be2 26. Re1 Bxf3 27. Rxe8+ Rxe8 28. axb6 axb6 29. Ra6 Re4 30. Bg3 Rc4 31. Be5 f6 32. Bd4 c5 33. bxc5 bxc5 34. Bf2 Rxc3 35. Ra5 d4 36. Kf1 Be4 37. Be1 Rxh3 38. Rxc5 d3 39. Bd2 Rf3+ 40. Ke1 f5 41. Re5 Kf7 42. Kd1 Rf1+ 43. Be1 Bf3+ 44. Kd2 Be2 45. Rd5 0-1

[Event "GER-ch Net Amateur Gr-B Final"]
[Site "Playchess.com INT"]
[Date "2020.04.18"]
[Round "10"]
[White "Jahnz, Laurin"]
[Black "Ellert, Stefan"]
[Result "1-0"]
[WhiteElo "1602"]
[BlackElo "1767"]
[PlyCount "93"]
[EventDate "2020.04.18"]
[EventType "swiss (blitz)"]
[EventRounds "13"]
[EventCountry "GER"]
[SourceTitle "CBM 195 Extra"]
[Source "ChessBase"]
[SourceDate "2020.05.31"]
[SourceVersion "1"]
[SourceVersionDate "2020.05.31"]
[SourceQuality "1"]

1. e4 e5 2. Nf3 Nc6 3. Bc4 Bc5 4. d3 Nf6 5. 0-0 0-0 6. c3 d6 7. Nbd2 Bg4 8. Re1 h6 9. Nf1 Re8 10. h3 Be6 11. Bxe6 fxe6 12. Ng3 d5 13. b4 Bb6 14. exd5 exd5 15. b5 e4 16. bxc6 exf3 17. cxb7 Rxe1+ 18. Qxe1 Rb8 19. Qe6+ Kh8 20. gxf3 Rxb7 21. Ba3 c5 22. Rb1 Re7 23. Qc6 Rc7 24. Qb5 d4 25. c4 Qe7 26. Nf5 Qe5 27. Ng3 Nh5 28. Nxh5 Qxh5 29. Ra1 Qxf3 30. Qe8+ Kh7 31. Qe4+ Qxe4 32. dxe4 Re7 33. Re1 Kg6 34. f4 Kh5 35. Kg2 Kg6 36. Kg3 Kf6 37. Kg4 g5 38. e5+ Kg6 39. f5+ Kf7 40. h4 gxh4 41. Kxh4 Bc7 42. e6+ Kf6 43. Bxc5 Rg7 44. Bxd4+ Kxf5 45. Bxg7 Kg6 46. e7 Kxg7 47. e8Q 1-0

[Event "GER-ch Net Amateur Gr-B Final"]
[Site "Playchess.com INT"]
[Date "2020.04.18"]
[Round "8"]
[White "Jahnz, Laurin"]
[Black "Kettner Nikolaus, Frank"]
[Result "1-0"]
[WhiteElo "1602"]
[BlackElo "1735"]
[PlyCount "135"]
[EventDate "2020.04.18"]
[EventType "swiss (blitz)"]
[EventRounds "13"]
[EventCountry "GER"]
[SourceTitle "CBM 195 Extra"]
[Source "ChessBase"]
[SourceDate "2020.05.31"]
[SourceVersion "1"]
[SourceVersionDate "2020.05.31"]
[SourceQuality "1"]

1. e4 c5 2. Nf3 d6 3. d4 cxd4 4. Nxd4 Nf6 5. Nc3 a6 6. g3 e5 7. Nf3 Bg4 8. Bg2 b5 9. a3 Be7 10. 0-0 0-0 11. Re1 Nc6 12. Nd5 Nd4 13. Nxe7+ Qxe7 14. h3 Bxf3 15. Bxf3 Nxf3+ 16. Qxf3 Rac8 17. Re2 Rfd8 18. Bg5 Qe6 19. Bxf6 Qxf6 20. Qxf6 gxf6 21. Rd1 a5 22. Rd5 Rc5 23. Red2 Rdc8 24. Rxd6 Rxc2 25. R6d5 Rxd2 26. Rxd2 Kf8 27. Rd5 Rb8 28. Kf1 Ke7 29. Ke2 Ke6 30. Kd3 f5 31. f3 fxe4+ 32. fxe4 f5 33. Rc5 fxe4+ 34. Kxe4 Rb6 35. Rxe5+ Kf6 36. Rh5 Kg6 37. g4 a4 38. h4 b4 39. Rg5+ Kf6 40. Ra5 bxa3 41. bxa3 Re6+ 42. Kf4 Re1 43. Rxa4 Rf1+ 44. Kg3 Rg1+ 45. Kh3 Rh1+ 46. Kg3 Rg1+ 47. Kf3 Rh1 48. h5 Rh3+ 49. Kg2 Rd3 50. Ra5 Rd4 51. Kg3 Rd3+ 52. Kh4 Rd4 53. a4 Rb4 54. Rf5+ Kg7 55. a5 Ra4 56. Rb5 Kh6 57. Rb6+ Kg7 58. a6 Kg8 59. Rb8+ Kg7 60. Rb7+ Kf6 61. a7 Ke5 62. Rxh7 Kf4 63. Rf7+ Ke3 64. h6 Ra6 65. Kh5 Ra1 66. h7 Ke4 67. Kg6 Ke5 68. h8Q+ 1-0

[Event "GER-ch Net Amateur Gr-B Final"]
[Site "Playchess.com INT"]
[Date "2020.04.18"]
[Round "6"]
[White "Jahnz, Laurin"]
[Black "Zhou, Lepu Coco"]
[Result "0-1"]
[WhiteElo "1602"]
[BlackElo "1736"]
[PlyCount "64"]
[EventDate "2020.04.18"]
[EventType "swiss (blitz)"]
[EventRounds "13"]
[EventCountry "GER"]
[SourceTitle "CBM 195 Extra"]
[Source "ChessBase"]
[SourceDate "2020.05.31"]
[SourceVersion "1"]
[SourceVersionDate "2020.05.31"]
[SourceQuality "1"]

1. e4 e5 2. Nf3 Nc6 3. Bc4 Nf6 4. d3 Be7 5. 0-0 0-0 6. c3 d6 7. Nbd2 Na5 8. Bb5 a6 9. Ba4 b5 10. Bc2 c5 11. Re1 Nc6 12. Nf1 Re8 13. Ng3 Bf8 14. Nh4 g6 15. Nf3 Bg7 16. h3 d5 17. exd5 Nxd5 18. d4 exd4 19. cxd4 Rxe1+ 20. Qxe1 Nxd4 21. Nxd4 Bxd4 22. Be4 Bb7 23. Ne2 Bg7 24. Nf4 Qe7 25. Nxd5 Bxd5 26. Bg5 Qxe4 27. f3 Bd4+ 28. Kh1 Qxe1+ 29. Rxe1 f6 30. Bf4 Kf7 31. b3 Re8 32. Rd1 Re2 0-1

[Event "GER-ch Net Amateur Gr-B Vor3"]
[Site "Playchess.com INT"]
[Date "2020.04.16"]
[Round "8"]
[White "Bock, Marlon"]
[Black "Jahnz, Laurin"]
[Result "0-1"]
[WhiteElo "1312"]
[BlackElo "1517"]
[PlyCount "26"]
[EventDate "2020.04.16"]
[EventType "swiss (blitz)"]
[EventRounds "9"]
[EventCountry "GER"]
[SourceTitle "CBM 195 Extra"]
[Source "ChessBase"]
[SourceDate "2020.05.31"]
[SourceVersion "1"]
[SourceVersionDate "2020.05.31"]
[SourceQuality "1"]

1. d4 d5 2. Nf3 c6 3. e3 Bf5 4. c4 Nf6 5. Nc3 e6 6. Bd3 Bxd3 7. Qxd3 Be7 8. 0-0 0-0 9. Ne5 Nbd7 10. e4 dxe4 11. Nxe4 Nxe5 12. Nxf6+ Bxf6 13. Qc3 Ng6 0-1

[Event "GER-ch Net Amateur Gr-B Vor3"]
[Site "Playchess.com INT"]
[Date "2020.04.16"]
[Round "7"]
[White "Plum, Paul"]
[Black "Jahnz, Laurin"]
[Result "0-1"]
[WhiteElo "1630"]
[BlackElo "1517"]
[PlyCount "94"]
[EventDate "2020.04.16"]
[EventType "swiss (blitz)"]
[EventRounds "9"]
[EventCountry "GER"]
[SourceTitle "CBM 195 Extra"]
[Source "ChessBase"]
[SourceDate "2020.05.31"]
[SourceVersion "1"]
[SourceVersionDate "2020.05.31"]
[SourceQuality "1"]

1. e4 d5 2. exd5 Qxd5 3. Nc3 Qd8 4. Nf3 Nf6 5. Bc4 g6 6. 0-0 Bg7 7. d4 0-0 8. Re1 Nc6 9. Be3 e6 10. Qd2 Ne7 11. Bh6 Nf5 12. Bxg7 Kxg7 13. Rad1 b6 14. d5 exd5 15. Nxd5 Bb7 16. Nxf6 Qxf6 17. Qb4 Bxf3 18. gxf3 Nh4 19. Bd5 Rad8 20. Be4 Qg5+ 21. Kf1 Qg2+ 22. Ke2 Qxh2 23. Rxd8 Rxd8 24. Qc3+ Kg8 25. Qf6 Re8 26. Qc6 Qe5 27. Kd1 Rd8+ 28. Kc1 Qf4+ 29. Kb1 Qd2 30. Rc1 Qd6 31. Qc4 Ng2 32. Qf1 Nf4 33. Qc4 Ne6 34. Bb7 Qc5 35. Qb3 Qxf2 36. Qc3 Qc5 37. Qb3 Nd4 38. Qe3 Ne6 39. Qe2 c6 40. Ba6 b5 41. c4 Qf5+ 42. Ka1 Nd4 43. Qe3 Nc2+ 44. Rxc2 Qxc2 45. a3 Rd1+ 46. Ka2 Qxc4+ 47. b3 Qc2# 0-1